| Tag |
First Indicator |
Second Indicator |
Subfields |
| LEADER |
00000cam a2200000Ii 4500 |
| 001 |
in00002479679 |
| 005 |
20151110073043.0 |
| 008 |
781222s1721 enkbf 001 0 eng d |
| 029 |
1 |
|
|a NLGGC
|b 196792789
|
| 035 |
|
|
|a (OCoLC)ocm04484962
|
| 035 |
|
|
|a (OCoLC)4484962
|
| 040 |
|
|
|a CUS
|c CUS
|d OCLCQ
|d GZM
|d NLGGC
|d MNJ
|d TXA
|d UtOrBLW
|
| 041 |
1 |
|
|a eng
|h dut
|
| 043 |
|
|
|a f-gv---
|
| 049 |
|
|
|a TXAM
|
| 050 |
1 |
4 |
|a DT477
|b .B67 1721
|
| 084 |
|
|
|a 74.23
|2 bcl
|
| 100 |
1 |
|
|a Bosman, Willem.
|
| 240 |
1 |
0 |
|a Nauwkeurige beschryving van de Guinese Goud-, Tand-, en Slave-Kust.
|l English
|
| 245 |
1 |
2 |
|a A new and accurate description of the coast of Guinea :
|b divided into the Gold, the Slave, and the Ivory Coasts ... /
|c written originally in Dutch by William Bosman ... And now faithfully done into English. To which is prefiix'd, an exact map of the whole coast of Guinea, that was not in the original.
|
| 250 |
|
|
|a 2nd ed.
|
| 264 |
|
1 |
|a London :
|b J. Knapton,
|c 1721.
|
| 300 |
|
|
|a 4 pages, leaves, 456 pages, 16 unnumbered pages :
|b folded map, plates ;
|c 20 cm.
|
| 336 |
|
|
|a text
|b txt
|2 rdacontent
|
| 337 |
|
|
|a unmediated
|b n
|2 rdamedia
|
| 338 |
|
|
|a volume
|b nc
|2 rdacarrier
|
| 651 |
|
0 |
|a Guinea (Region)
|x Description and travel.
|
| 650 |
1 |
7 |
|a Culturele geografie.
|2 gtt
|
| 948 |
|
|
|a cataloged
|b h
|c 2009/3/3
|d c
|e bhartsfi
|f 11:06:40 am
|
| 994 |
|
|
|a C0
|b TXA
|
| 999 |
|
|
|a MARS
|
| 999 |
f |
f |
|s afd24c27-fb6d-3ac9-8c16-1087626547da
|i b9f678b6-fc05-383c-b3ce-8cb49cdc206b
|t 0
|
| 952 |
f |
f |
|p noncirc
|a Texas A&M University
|b College Station
|c Cushing Memorial Library & Archives
|d Cushing: Rare Books (Does not check out)
|t 0
|e DT477 .B67 1721
|h Library of Congress classification
|i unmediated -- volume
|
| 998 |
f |
f |
|a DT477 .B67 1721
|t 0
|l Cushing: Rare Books (Does not check out)
|